• 首页
  • 本馆介绍
  • 公告通知
  • 最新文献
  • 馆藏检索
  • 电子资源
  • 读者导购
  • 参考咨询
  • 我的图书馆
  • 登录
  • 详细信息显示
  • 放入我的书架
  • 预约/预借图书
  • 作者相关作品
  • 分类相关作品
  • 丛书相关作品
  • 出版社相关作品

书目信息

  • 表格格式
  • 工作单格式
  • 卡片格式
题名:
《文心雕龙》雅丽思想研究
    
 
作者: 王万洪 著
分册: 下册  
出版信息: 北京   中华书局  2019
页数: 2册(11,706页)
开本: 21cm
丛书名:
单 册:
中图分类: I206.391
科图分类:
主题词: 文学理论--wen xue li lun--中国--南朝时代
电子资源:
ISBN: 978-7-101-14068-2
000 00978nam0 2200253 450
001 2131047426
005 20211031085311.38
010    @a978-7-101-14068-2@dCNY44.00(全2册88.00)
100    @a20191121d2019 em y0chiy0120 ea
101 0  @achi
102    @aCN@b110000
105    @aa z 000yy
106    @ar
200 1  @a《文心雕龙》雅丽思想研究@Awen xin diao long ya li si xiang yan jiu@h下册@f王万洪著
210    @a北京@c中华书局@d2019
215    @a2册(11,706页)@c图@d21cm
300    @a四川省社科联2013规划青年项目 儒家文明协同创新中心后期资助项目 第一辑
330    @a本书内容包括:儒家思想的影响、其他思想流派的影响、史传文学的影响、雅丽思想的基本内涵、雅丽思想的基本表现、风骨美与雅丽美、隐秀论风格说辨正等。
605    @a《文心雕龙》@Awen xin diao long@x古典文学研究
606 0  @a文学理论@Awen xue li lun@y中国@z南朝时代
690    @aI206.391@v5
701  0 @a王万洪@Awang wan hong@4著
801  0 @aCN@b百万庄@c20211029
905    @b1313199-3202@dI206.391@e398:2@f4
    
    《文心雕龙》雅丽思想研究.下册/王万洪著.-北京:中华书局,2019
    2册(11,706页):图;21cm
    四川省社科联2013规划青年项目 儒家文明协同创新中心后期资助项目 第一辑
    
    ISBN 978-7-101-14068-2:CNY44.00(全2册88.00)
    本书内容包括:儒家思想的影响、其他思想流派的影响、史传文学的影响、雅丽思想的基本内涵、雅丽思想的基本表现、风骨美与雅丽美、隐秀论风格说辨正等。
●
相关链接 在E读中查询图书 在五车中查询图书 在当当中查询图书 在豆瓣中查询图书


正题名:《文心雕龙》雅丽思想研究     索取号:I206.391/398:2         预约/预借

序号 登录号 条形码 馆藏地/架位号 状态 备注
1 1313199   213131993   第一样本阅览室/ [索取号:I206.391/398:2] 在馆    
2 1313200   213132000   第二借阅区/ [索取号:I206.391/398:2] 在馆    
3 1313201   213132019   第二借阅区/ [索取号:I206.391/398:2] 在馆    
4 1313202   213132028   第二借阅区/ [索取号:I206.391/398:2] 在馆    
唐山师范学院图书馆 欢迎您!
大连网信软件有限公司© 版权所有